000 01078nam a2200253Ia 4500
999 _c30479
_d30479
003 CO-CtgCURN
005 20250409212009.0
008 190726s2011 xx g 000 0 spa d
020 _a9789588736044 (vol1)978-958-8736-05-1 (vol.2)
040 _aCO-CtgCURN
_bspa
_ccoctgcurn
082 _a986.114
_bU82c
100 _aUrueta, Jose P.
_91702
245 0 _aCartagena y sus cercanias :
_bguia descriptiva de la capital del Departamento de Bolívar /
_cJose P. Urueta, Eduardo G. de Piñerez
260 _aCartagena de Indias, Bolívar :
_bUniversidad de Cartagena,
_c2011
300 _a2 volúmes ;
_c21 centímetros
490 _aColección Biblioteca Bicentenario de la Independencia de Cartagena de Indias
521 _aAREA BASICA
590 _aTodos los programas acádemicos
651 _aCartagena de Indias
_xHistoria
_zColombia
_91703
700 _aPiñerez, Eduardo G. de
_91704
942 _cBK
_h986.114
_iU82c
_2ddc